[Event "Ïåðâåíñòâî Ìîñêâû"]
[Site "ÐœÐ¾Ñ�ÐºÐ²Ð°, ÐœÐ“Ð˜ÐœÐž Ð¿Ñ€."]
[Date "2018.11.19"]
[Round "2.13"]
[White "Âåòîõèí "]
[Black "Ñàóðè "]
[Result "1-0"]
[WhiteElo "1874"]
[BlackElo "1442"]
[PlyCount "85"]
[EventDate "2018.11.18"]

1. e4 e6 2. d4 d5 3. Nd2 Nf6 4. e5 Nfd7 5. Bd3 c5 6. c3 Nc6 7. Ne2 Be7 8. O-O
Nf8 9. Nf3 Bd7 10. Be3 Qb6 11. Rb1 Ng6 12. g3 a6 13. h4 O-O-O 14. Ng5 Rdf8 15.
h5 Bxg5 16. Bxg5 Nge7 17. h6 gxh6 18. Bxh6 Rfg8 19. Bc2 Ng6 20. Kh1 Qd8 21. f4
Nce7 22. dxc5 Bc6 23. Nd4 Qc7 24. Qe2 Re8 25. b4 Ng8 26. Bg7 N8e7 27. Bxh8 Rxh8
28. a4 h5 29. b5 axb5 30. axb5 Bd7 31. Ra1 Kd8 32. Ra8+ Bc8 33. Nb3 h4 34. g4
h3 35. b6 Qd7 36. Nd4 Nc6 37. Ba4 Nxd4 38. cxd4 Qe7 39. c6 bxc6 40. Bxc6 Qb4
41. b7 Qxd4 42. bxc8=Q+ Ke7 43. Qd7# 1-0

[Event "Ïåðâåíñòâî Ìîñêâû"]
[Site "ÐœÐ¾Ñ�ÐºÐ²Ð°, ÐœÐ“Ð˜ÐœÐž Ð¿Ñ€."]
[Date "2018.11.19"]
[Round "2.14"]
[White "Êîæóõîâ "]
[Black "Èâàíîâ-×åðíåö "]
[Result "1-0"]
[WhiteElo "1745"]
[BlackElo "1670"]
[PlyCount "61"]
[EventDate "2018.11.18"]

1. d4 d5 2. c4 e6 3. Nc3 Nf6 4. Bg5 Be7 5. e3 h6 6. Bh4 O-O 7. Nf3 b6 8. cxd5
Nxd5 9. Bxe7 Qxe7 10. Bd3 Nxc3 11. bxc3 Bb7 12. O-O Nd7 13. Qe2 c5 14. Ba6 Bxa6
15. Qxa6 e5 16. a4 Rfc8 17. Qb7 Qe8 18. a5 exd4 19. exd4 cxd4 20. cxd4 Rcb8 21.
Qc7 b5 22. Rfe1 Qd8 23. Rac1 a6 24. h3 Nf6 25. Ne5 Qf8 26. Nc6 Re8 27. Ne7+ Kh8
28. d5 Red8 29. Rcd1 Rd7 30. Qe5 Rad8 31. Rd4 {çàïèñü íå ÿñíà} 1-0

[Event "Ïåðâåíñòâî Ìîñêâû"]
[Site "ÐœÐ¾Ñ�ÐºÐ²Ð°, ÐœÐ“Ð˜ÐœÐž Ð¿Ñ€."]
[Date "2018.11.19"]
[Round "2.15"]
[White "Ìîðîçîâ "]
[Black "Äðîáèí "]
[Result "1/2-1/2"]
[WhiteElo "1804"]
[BlackElo "1596"]
[PlyCount "86"]
[EventDate "2018.11.18"]

1. e4 e6 2. d4 d5 3. Nd2 Nc6 4. Ngf3 Nf6 5. e5 Nd7 6. c3 f6 7. Qe2 fxe5 8. dxe5
Be7 9. Nb3 O-O 10. Qe3 Qe8 11. Be2 Qg6 12. Bd2 Qe4 13. Qxe4 dxe4 14. Nfd4 Ndxe5
15. Be3 Nxd4 16. Bxd4 Ng6 17. Bc4 b6 18. O-O c5 19. Be3 Ne5 20. Be2 Bb7 21.
Rfd1 Rad8 22. Kf1 Rd5 23. Rd2 Rfd8 24. Rad1 Rxd2 25. Nxd2 Nd3 26. Nc4 Ba6 27.
Na3 c4 28. Nc2 Nxb2 29. Rxd8+ Bxd8 30. Bg4 Bc8 31. Bd4 Bf6 32. Ke2 Kf7 33. Ke3
Bb7 34. Bxf6 gxf6 35. Nd4 Nd3 36. Nb5 Ke7 37. Nxa7 Kd6 38. Nb5+ Ke7 39. Na7 Kd6
40. Nb5+ Kc5 41. Nd4 Kd5 42. g3 Nc1 43. a3 Na2 {çàïèñü íå ÿñíà} 1/2-1/2

[Event "Ïåðâåíñòâî Ìîñêâû"]
[Site "ÐœÐ¾Ñ�ÐºÐ²Ð°, ÐœÐ“Ð˜ÐœÐž Ð¿Ñ€."]
[Date "2018.11.19"]
[Round "2.16"]
[White "Êóæåëåâ "]
[Black "Çàêèðîâ "]
[Result "1-0"]
[WhiteElo "1595"]
[BlackElo "1747"]
[PlyCount "61"]
[EventDate "2018.11.18"]

1. e4 e5 2. Nc3 Nf6 3. f4 d5 4. fxe5 Nxe4 5. Nf3 Nc6 6. Bb5 Bg4 7. d3 Nxc3 8.
bxc3 a6 9. Bxc6+ bxc6 10. O-O Bc5+ 11. d4 Be7 12. Be3 O-O 13. Qd3 Bh5 14. Rab1
a5 15. a4 Bg6 16. Qe2 h6 17. Rb3 Qc8 18. Ne1 Rb8 19. Nd3 Rxb3 20. cxb3 Qa6 21.
Nf4 Qxe2 22. Nxe2 Bc2 23. Nc1 Rb8 24. Rf2 Bd1 25. Rd2 Bg4 26. Ra2 Rb6 27. Bd2
Bc8 28. b4 axb4 29. cxb4 Bxb4 30. a5 Rb5 31. a6 {çàïèñü íå ÿñíà} 1-0

[Event "Ïåðâåíñòâî Ìîñêâû"]
[Site "ÐœÐ¾Ñ�ÐºÐ²Ð°, ÐœÐ“Ð˜ÐœÐž Ð¿Ñ€."]
[Date "2018.11.19"]
[Round "2.17"]
[White "Ëóòàí "]
[Black "Èòêèí "]
[Result "1-0"]
[WhiteElo "1762"]
[BlackElo "1399"]
[PlyCount "49"]
[EventDate "2018.11.18"]

1. c4 e5 2. Nc3 Nc6 3. Nf3 f5 4. d3 Bb4 5. Bd2 Nf6 6. a3 Bxc3 7. Bxc3 d6 8. g3
O-O 9. Bg2 Qe8 10. O-O Qh5 11. Qd2 h6 12. b4 Kh7 13. b5 Ne7 14. Bb4 e4 15. Nd4
Ng6 16. e3 exd3 17. Qxd3 Ne5 18. Qc2 a5 19. bxa6 Rxa6 20. c5 b6 21. cxd6 c5 22.
d7 Bxd7 23. Bxc5 bxc5 24. Qxc5 Qe8 25. Rfb1 {çàïèñü íå ÿñíà} 1-0

[Event "Ïåðâåíñòâî Ìîñêâû"]
[Site "ÐœÐ¾Ñ�ÐºÐ²Ð°, ÐœÐ“Ð˜ÐœÐž Ð¿Ñ€."]
[Date "2018.11.19"]
[Round "2.18"]
[White "Ìåòåëêèí "]
[Black "Èâëåâ"]
[Result "0-1"]
[WhiteElo "1436"]
[BlackElo "1748"]
[PlyCount "64"]
[EventDate "2018.11.18"]

1. c4 c6 2. Nc3 d5 3. e3 Nf6 4. b3 Bf5 5. Bb2 e6 6. Nf3 h6 7. d3 Be7 8. Be2 O-O
9. O-O Nbd7 10. e4 dxe4 11. dxe4 Nxe4 12. Nxe4 Bxe4 13. Qd4 Nf6 14. Rfd1 Qc7
15. Qe3 Bh7 16. Be5 Qa5 17. Nd4 a6 18. b4 Qxb4 19. Bd3 Bxd3 20. Qxd3 Qc5 21.
Re1 Rfd8 22. h3 Ne8 23. Qg3 Qxc4 24. Re4 f6 25. Bf4 f5 26. Rc1 Qb4 27. Rxe6
Rxd4 28. Bxh6 Bf8 29. a3 Qxa3 30. Rc3 Qb4 31. Bxg7 Nxg7 32. Rh6 Bd6 0-1

[Event "Ïåðâåíñòâî Ìîñêâû"]
[Site "ÐœÐ¾Ñ�ÐºÐ²Ð°, ÐœÐ“Ð˜ÐœÐž Ð¿Ñ€."]
[Date "2018.11.19"]
[Round "2.19"]
[White "Ãàâðèëîâ "]
[Black "Àãàøèí "]
[Result "1-0"]
[WhiteElo "1746"]
[BlackElo "1567"]
[PlyCount "44"]
[EventDate "2018.11.18"]

1. d4 Nf6 2. c4 e6 3. Nf3 Bb4+ 4. Bd2 Bxd2+ 5. Nbxd2 d5 6. e3 O-O 7. Bd3 b6 8.
O-O Bb7 9. b4 Nc6 10. a3 a5 11. b5 Ne7 12. c5 c6 13. Rb1 cxb5 14. cxb6 Qxb6 15.
Rxb5 Qc7 16. Ne5 Nd7 17. Bxh7+ Kxh7 18. Qb1+ Ng6 19. Rxb7 Qc3 20. Nxd7 Qxd2 21.
Nxf8+ Rxf8 22. Rc1 Kg8 1-0

[Event "Ïåðâåíñòâî Ìîñêâû"]
[Site "ÐœÐ¾Ñ�ÐºÐ²Ð°, ÐœÐ“Ð˜ÐœÐž Ð¿Ñ€."]
[Date "2018.11.19"]
[Round "3.1"]
[White "Áóíèàòÿí "]
[Black "Ïåðîâ"]
[Result "0-1"]
[WhiteElo "1827"]
[BlackElo "2187"]
[PlyCount "66"]
[EventDate "2018.11.18"]

1. e4 Nf6 2. e5 Nd5 3. d4 d6 4. c4 Nb6 5. exd6 exd6 6. Nc3 Be7 7. Bd3 O-O 8.
Nge2 Nc6 9. O-O Bg4 10. f3 Bh5 11. Nf4 Bg6 12. Bxg6 hxg6 13. d5 Ne5 14. b3 Bf6
15. Bb2 a5 16. Qc2 Nd3 17. Qxd3 Qd7 18. Qc2 Rfe8 19. Rfe1 Qf5 20. Ne4 Bxb2 21.
Qxb2 Nd7 22. Qd4 Re5 23. Ng3 Qf6 24. Ne4 Qxf4 25. Qc3 b6 26. Nf2 Rae8 27. Re4
Rxe4 28. Nxe4 f5 29. g3 Qh6 30. Nd2 Re3 31. Qd4 Ne5 32. Rf1 Re2 33. Rf2 Qxd2
0-1

[Event "Ïåðâåíñòâî Ìîñêâû"]
[Site "ÐœÐ¾Ñ�ÐºÐ²Ð°, ÐœÐ“Ð˜ÐœÐž Ð¿Ñ€."]
[Date "2018.11.19"]
[Round "3.2"]
[White "Æóêîâ "]
[Black "Ñåêîÿí "]
[Result "1-0"]
[WhiteElo "2151"]
[BlackElo "1817"]
[PlyCount "107"]
[EventDate "2018.11.18"]

1. d4 g6 2. c4 Bg7 3. Nc3 d6 4. e4 e5 5. d5 f5 6. exf5 gxf5 7. Be2 Nf6 8. Nf3
O-O 9. O-O a5 10. Ne1 Na6 11. Nd3 c6 12. f4 e4 13. Nf2 Qe7 14. Be3 Nc7 15. Qd2
cxd5 16. cxd5 Qf7 17. Rad1 Re8 18. Qc2 Kh8 19. Qb3 Bh6 20. g3 Rg8 21. Kh1 Nh5
22. Bd4+ Bg7 23. Bb6 Ne8 24. Nb5 Bf6 25. Bd4 Bxd4 26. Nxd4 Nhf6 27. Nb5 Bd7 28.
Nc3 Bc8 29. Qb6 Qc7 30. Qd4 Qg7 31. Qe3 h5 32. Nh3 Ng4 33. Bxg4 hxg4 34. Ng5
Qf6 35. Kg2 Nc7 36. Qb6 Na6 37. Rh1 Kg7 38. h3 Rh8 39. hxg4 Bd7 40. gxf5 Nc5
41. Ngxe4 Nxe4 42. Nxe4 Qxf5 43. Qd4+ Kg6 44. Nf2 Rxh1 45. Rxh1 Re8 46. g4 Qc2
47. f5+ Bxf5 48. gxf5+ Qxf5 49. Rh3 Qe5 50. Rg3+ Kf7 51. Rf3+ Kg6 52. Qd3+ Kg7
53. Rg3+ Kf7 54. Qh7+ 1-0

[Event "Ïåðâåíñòâî Ìîñêâû"]
[Site "ÐœÐ¾Ñ�ÐºÐ²Ð°, ÐœÐ“Ð˜ÐœÐž Ð¿Ñ€."]
[Date "2018.11.19"]
[Round "3.3"]
[White "Ìàêàðÿí "]
[Black "Ëóïîëîâ"]
[Result "1-0"]
[WhiteElo "2354"]
[BlackElo "1879"]
[PlyCount "85"]
[EventDate "2018.11.18"]

1. c4 e6 2. Nf3 Nf6 3. g3 b6 4. Bg2 Bb7 5. O-O Be7 6. Qc2 O-O 7. Nc3 d6 8. d4
Nbd7 9. e4 c5 10. d5 exd5 11. cxd5 a6 12. Nh4 Re8 13. f4 Bf8 14. Bd2 b5 15.
Rae1 Nb6 16. Kh1 g6 17. e5 Nfxd5 18. Ne4 Nc4 19. Ng5 dxe5 20. Nxf7 Nb4 21. Bxb4
Bxg2+ 22. Qxg2 Kxf7 23. f5 g5 24. f6 Ra7 25. Nf3 h6 26. Qc2 Qa8 27. Kg1 e4 28.
Bc3 Re6 29. h3 Nd6 30. Ne5+ Ke8 31. Qd1 Nf7 32. Qg4 Qc8 33. Rxe4 Rc7 34. Nxf7
Rxe4 35. Qxe4+ Kxf7 36. Qh7+ Ke6 37. Re1+ Kd6 38. Be5+ Kc6 39. Qxc7+ Qxc7 40.
Bxc7 Kxc7 41. Re8 c4 42. Rxf8 c3 43. Re8 1-0

[Event "Ïåðâåíñòâî Ìîñêâû"]
[Site "ÐœÐ¾Ñ�ÐºÐ²Ð°, ÐœÐ“Ð˜ÐœÐž Ð¿Ñ€."]
[Date "2018.11.19"]
[Round "3.4"]
[White "Êðåòîâ "]
[Black "Ðîäíèêîâ "]
[Result "1-0"]
[WhiteElo "2152"]
[BlackElo "1416"]
[PlyCount "67"]
[EventDate "2018.11.18"]

1. d4 Nf6 2. Nf3 e6 3. Bf4 b6 4. e3 Bb7 5. Bd3 d6 6. Qe2 Nbd7 7. O-O Be7 8. h3
O-O 9. c3 Ne4 10. Nfd2 Nxd2 11. Nxd2 Bg5 12. Qh5 Bh6 13. Bxh6 gxh6 14. Qxh6 Nf6
15. e4 Kh8 16. f4 Rg8 17. Rf2 Rg6 18. Qh4 Nd7 19. Qxd8+ Rxd8 20. e5 Rg7 21. Be4
Bxe4 22. Nxe4 d5 23. Nd2 c5 24. f5 c4 25. Nf1 Rdg8 26. Kh2 h5 27. Ne3 Nf8 28.
Rf4 Kh7 29. Rh4 Kh6 30. g4 Kg5 31. Rxh5+ Kf4 32. Re1 Nh7 33. Ng2+ Kf3 34. Kg1
1-0

[Event "Ïåðâåíñòâî Ìîñêâû"]
[Site "ÐœÐ¾Ñ�ÐºÐ²Ð°, ÐœÐ“Ð˜ÐœÐž Ð¿Ñ€."]
[Date "2018.11.19"]
[Round "3.5"]
[White "Ëóêüÿíåíêî "]
[Black "Îðëîâ"]
[Result "1/2-1/2"]
[WhiteElo "1921"]
[BlackElo "1872"]
[PlyCount "66"]
[EventDate "2018.11.18"]

1. d4 Nf6 2. Nf3 e6 3. e3 d5 4. Bd3 c5 5. b3 Nc6 6. a3 Qb6 7. O-O Bd7 8. Nc3
cxd4 9. Na4 Qc7 10. exd4 Bd6 11. Bb2 Ne4 12. c4 O-O 13. c5 Be7 14. b4 Bf6 15.
Qc2 e5 16. dxe5 Nxe5 17. Nxe5 Bxe5 18. Bxe5 Qxe5 19. Rfe1 Rfe8 20. Rad1 Bxa4
21. Qxa4 Qb2 22. Bc2 Nf6 23. Qb3 Rxe1+ 24. Rxe1 Qxb3 25. Bxb3 Kf8 26. a4 Re8
27. Rxe8+ Kxe8 28. Kf1 Kd7 29. Kg1 Ke8 30. Kf1 Kd7 31. Kg1 Ke8 32. Kf1 Kd7 33.
Kg1 Ke8 1/2-1/2

[Event "Ïåðâåíñòâî Ìîñêâû"]
[Site "ÐœÐ¾Ñ�ÐºÐ²Ð°, ÐœÐ“Ð˜ÐœÐž Ð¿Ñ€."]
[Date "2018.11.19"]
[Round "3.6"]
[White "Ïàâëîâ , Ð˜Ð²Ð°Ð½."]
[Black "Ïàê, Ð�Ð¸ÐºÐ¸Ñ‚Ð°."]
[Result "0-1"]
[WhiteElo "1511"]
[BlackElo "1916"]
[PlyCount "62"]
[EventDate "2018.11.18"]

1. e4 b6 2. d4 Bb7 3. Bd3 e6 4. Nf3 c5 5. c3 Nf6 6. Qe2 Be7 7. O-O Nc6 8. Nbd2
cxd4 9. cxd4 Nb4 10. Re1 Nxd3 11. Qxd3 O-O 12. Nf1 d5 13. e5 Ne4 14. Ng3 a5 15.
Nd2 Ba6 16. Qb3 Nxd2 17. Bxd2 Bc4 18. Qf3 Bg5 19. Bxg5 Qxg5 20. Qe3 Qg6 21.
Red1 Rac8 22. b3 Ba6 23. Rac1 Rc2 24. Rxc2 Qxc2 25. Qd2 Rc8 26. f3 Kf8 27. Kf2
a4 28. Ke1 axb3 29. Qb4+ Kg8 30. Qxb3 Qxg2 31. Qe3 Qxh2 0-1

[Event "Ïåðâåíñòâî Ìîñêâû"]
[Site "ÐœÐ¾Ñ�ÐºÐ²Ð°, ÐœÐ“Ð˜ÐœÐž Ð¿Ñ€."]
[Date "2018.11.19"]
[Round "3.7"]
[White "Øëûêîâ, ²."]
[Black "Ãîöþê"]
[Result "0-1"]
[WhiteElo "1826"]
[BlackElo "1895"]
[PlyCount "72"]
[EventDate "2018.11.18"]

1. e4 c6 2. d4 d5 3. e5 c5 4. c3 Nc6 5. Nf3 Bg4 6. Be2 e6 7. Be3 Qb6 8. Qd2 Nh6
9. Na3 Bxf3 10. Bxf3 cxd4 11. Bxd4 Nxd4 12. Qxd4 Qxb2 13. Qa4+ Kd8 14. Nc2
Qxc3+ 15. Kf1 Rc8 16. Bd1 Bc5 17. Qh4+ Ke8 18. Rb1 Bb6 19. Qa4+ Kf8 20. Kg1
Qxe5 21. h3 Nf5 22. Qb4+ Qd6 23. Qg4 Qc5 24. Qf3 Nd4 25. Nxd4 Qxd4 26. Bb3 Rc3
27. Qe2 g6 28. Rd1 Qf6 29. h4 h5 30. Rf1 Kg7 31. Rh2 Rhc8 32. Kh1 Rc1 33. g3
Rxf1+ 34. Qxf1 Qf3+ 35. Rg2 Rc3 36. Bd1 Rc1 0-1

[Event "Ïåðâåíñòâî Ìîñêâû"]
[Site "ÐœÐ¾Ñ�ÐºÐ²Ð°, ÐœÐ“Ð˜ÐœÐž Ð¿Ñ€."]
[Date "2018.11.19"]
[Round "3.8"]
[White "Øàòóíîâ "]
[Black "Ëóòàí "]
[Result "1/2-1/2"]
[WhiteElo "1967"]
[BlackElo "1762"]
[PlyCount "81"]
[EventDate "2018.11.18"]

1. d4 Nf6 2. Bf4 e6 3. e3 b6 4. h3 Bb7 5. Nf3 Be7 6. c3 O-O 7. Bd3 Ne4 8. Nbd2
f5 9. Qc2 Nxd2 10. Qxd2 d6 11. O-O-O c5 12. Qe2 Be4 13. Qc2 d5 14. Bxe4 dxe4
15. Ne5 Qc8 16. f3 exf3 17. gxf3 Nc6 18. Rdg1 cxd4 19. exd4 Nxe5 20. dxe5 Qc4
21. Bh6 Rf7 22. Kb1 Bc5 23. Rg2 Rd8 24. Rd1 Rdd7 25. Bg5 Qb5 26. Rgd2 h6 27.
Bf4 a5 28. Rxd7 Rxd7 29. Rxd7 Qxd7 30. Qd2 Qd5 31. Qxd5 exd5 32. h4 Kf7 33. h5
Ke6 34. Kc2 b5 35. Kd3 a4 36. b3 axb3 37. axb3 Bb6 38. Bg3 Bc7 39. f4 Bb6 40.
Be1 Bc7 41. Ke2 1/2-1/2

[Event "Ïåðâåíñòâî Ìîñêâû"]
[Site "ÐœÐ¾Ñ�ÐºÐ²Ð°, ÐœÐ“Ð˜ÐœÐž Ð¿Ñ€."]
[Date "2018.11.19"]
[Round "3.9"]
[White "Èâëåâ , Ð�Ð»ÐµÐºÑ�Ð°Ð½Ð´Ñ€."]
[Black "Áåëèêîâ , Ð¡ÐµÐ¼Ñ‘Ð½."]
[Result "0-1"]
[WhiteElo "1748"]
[BlackElo "1959"]
[PlyCount "55"]
[EventDate "2018.11.18"]

1. d4 Nf6 2. Nf3 g6 3. Bf4 Bg7 4. h3 O-O 5. Bh2 d6 6. Nbd2 c5 7. c3 Nbd7 8. e4
cxd4 9. cxd4 e5 10. d5 Nh5 11. Qc2 Nb6 12. g4 Nf4 13. Bxf4 exf4 14. Nc4 Re8 15.
O-O-O Nxc4 16. Bxc4 Bd7 17. Kb1 b5 18. Bb3 a5 19. a3 Qb6 20. Qd2 a4 21. Bc2
Rac8 22. Bd3 b4 23. axb4 a3 24. bxa3 Rc3 25. Qxf4 Rb3+ 26. Kc1 Rc8+ 27. Bc2
Qxf2 28. Rh2 0-1

[Event "Ïåðâåíñòâî Ìîñêâû"]
[Site "ÐœÐ¾Ñ�ÐºÐ²Ð°, ÐœÐ“Ð˜ÐœÐž Ð¿Ñ€."]
[Date "2018.11.19"]
[Round "3.10"]
[White "Øàðàïîâ "]
[Black "Âåòîõèí"]
[Result "0-1"]
[WhiteElo "1628"]
[BlackElo "1874"]
[PlyCount "54"]
[EventDate "2018.11.18"]

1. d4 Nf6 2. Nf3 g6 3. Bf4 Bg7 4. h3 O-O 5. e3 b6 6. Be2 c5 7. c3 d6 8. O-O Nc6
9. a4 Re8 10. Na3 Bf5 11. Nc4 Qc7 12. Re1 Rad8 13. Qb3 e5 14. dxe5 dxe5 15. Bh2
Be6 16. Rad1 Bd5 17. Qc2 Be4 18. Bd3 Bxd3 19. Rxd3 Rxd3 20. Qxd3 Rd8 21. Qc2
Nd5 22. Rd1 Qe7 23. e4 Nf4 24. Rxd8+ Nxd8 25. Qd2 Nde6 26. Ncxe5 Bxe5 27. Nxe5
Qg5 0-1

[Event "Ïåðâåíñòâî Ìîñêâû"]
[Site "ÐœÐ¾Ñ�ÐºÐ²Ð°, ÐœÐ“Ð˜ÐœÐž Ð¿Ñ€."]
[Date "2018.11.19"]
[Round "3.11"]
[White "Áåëþãà "]
[Black "Ãàâðèëîâ"]
[Result "1-0"]
[WhiteElo "1908"]
[BlackElo "1746"]
[PlyCount "34"]
[EventDate "2018.11.18"]

1. Nf3 Nf6 2. d4 g6 3. g3 Bg7 4. Bg2 O-O 5. O-O d6 6. Nc3 Nbd7 7. e4 Rb8 8. h3
b5 9. e5 Ne8 10. e6 fxe6 11. Ng5 Nb6 12. Re1 Nf6 13. Nxb5 Bd7 14. Nxa7 Nfd5 15.
c4 Nxc4 16. Nxe6 Bxe6 17. Rxe6 Qd7 {çàïèñü íå ÿñåí} 1-0

[Event "Ïåðâåíñòâî Ìîñêâû"]
[Site "ÐœÐ¾Ñ�ÐºÐ²Ð°, ÐœÐ“Ð˜ÐœÐž Ð¿Ñ€."]
[Date "2018.11.19"]
[Round "3.12"]
[White "Ïëàêñèí "]
[Black "Ìîðîçîâ"]
[Result "1-0"]
[WhiteElo "1893"]
[BlackElo "1490"]
[PlyCount "33"]
[EventDate "2018.11.18"]

1. e4 e6 2. d4 d5 3. Nd2 dxe4 4. Nxe4 Nd7 5. Nf3 Ngf6 6. Bd3 Be7 7. Qe2 b6 8.
Ne5 Bb7 9. Nxf7 Kxf7 10. Ng5+ Ke8 11. Nxe6 Qc8 12. Nxg7+ Kf7 13. Bc4+ Kxg7 14.
Qxe7+ Kg6 15. Bf7+ Kg7 16. Bh5+ Kg8 17. Qf7# 1-0

[Event "Ïåðâåíñòâî Ìîñêâû"]
[Site "ÐœÐ¾Ñ�ÐºÐ²Ð°, ÐœÐ“Ð˜ÐœÐž Ð¿Ñ€."]
[Date "2018.11.19"]
[Round "3.13"]
[White "Ãîðíîñòàåâ "]
[Black "Êóæåëåâ"]
[Result "0-1"]
[WhiteElo "1831"]
[BlackElo "1595"]
[PlyCount "86"]
[EventDate "2018.11.18"]

1. e4 e5 2. Nf3 d5 3. Nxe5 Bd6 4. d4 dxe4 5. Bc4 Bxe5 6. dxe5 Qxd1+ 7. Kxd1 Nc6
8. Bf4 Bg4+ 9. Kc1 Nge7 10. Bg3 Ng6 11. Bb5 Bd7 12. Nc3 Ncxe5 13. Bxd7+ Nxd7
14. Bxc7 f5 15. Rd1 Nf6 16. Bd6 Rd8 17. b3 Kf7 18. Kb2 Rd7 19. h3 Rhd8 20. Bg3
a6 21. a4 Ke6 22. b4 Rxd1 23. Rxd1 Rxd1 24. Nxd1 Nd5 25. Kb3 f4 26. Bh2 Nh4 27.
c4 Ne7 28. Bxf4 Nxg2 29. Be3 Nf5 30. a5 Ngxe3 31. Nxe3 Nxe3 32. fxe3 g5 33. Kc3
Ke5 34. b5 h5 35. bxa6 bxa6 36. c5 h4 37. c6 Kd6 38. Kd4 g4 39. Kxe4 gxh3 40.
Kf3 Kxc6 41. Kf2 Kb5 42. Kg1 Kxa5 43. Kh2 Kb6 0-1

[Event "Ïåðâåíñòâî Ìîñêâû"]
[Site "ÐœÐ¾Ñ�ÐºÐ²Ð°, ÐœÐ“Ð˜ÐœÐž Ð¿Ñ€."]
[Date "2018.11.19"]
[Round "3.14"]
[White "Íèêóëüøèí "]
[Black "Êîæóõîâ"]
[Result "1/2-1/2"]
[WhiteElo "1647"]
[BlackElo "1745"]
[Annotator ",immortal223"]
[PlyCount "27"]
[EventDate "2018.11.18"]

1. e4 c5 2. c3 d5 3. e5 Nc6 4. d4 Bf5 5. Bd3 Bxd3 6. Qxd3 e6 7. Nf3 Qb6 8. a3
a5 9. a4 Rc8 10. O-O Nge7 11. Na3 cxd4 12. cxd4 h5 13. Nb5 Nf5 14. Bd2 {
çàïèñü íå ÿñåí} 1/2-1/2

[Event "Ïåðâåíñòâî Ìîñêâû"]
[Site "ÐœÐ¾Ñ�ÐºÐ²Ð°, ÐœÐ“Ð˜ÐœÐž Ð¿Ñ€."]
[Date "2018.11.19"]
[Round "3.15"]
[White "Êóðêèí "]
[Black "Ìîðîçîâ Â"]
[Result "1-0"]
[WhiteElo "1556"]
[BlackElo "1804"]
[PlyCount "65"]
[EventDate "2018.11.18"]

1. e4 c5 2. c4 Nc6 3. Nc3 d6 4. g3 g6 5. Bg2 Bg7 6. d3 e6 7. Nge2 Nge7 8. O-O
O-O 9. f4 Nd4 10. a3 Nec6 11. Rb1 a5 12. Be3 Rb8 13. Nb5 Nxb5 14. cxb5 Nd4 15.
Nxd4 cxd4 16. Bd2 Bd7 17. a4 Re8 18. Qb3 Qb6 19. Qa3 Bf8 20. b4 axb4 21. Qxb4
d5 22. Qb3 dxe4 23. Bxe4 Rec8 24. a5 Qd6 25. Bb4 Qc7 26. b6 Qd8 27. Bxf8 Qxf8
28. Bxb7 Rc3 29. Qb4 Qh6 30. Qxd4 Rc2 31. Rf2 Rxf2 32. Qxf2 Qh5 33. a6 1-0

[Event "Ïåðâåíñòâî Ìîñêâû"]
[Site "ÐœÐ¾Ñ�ÐºÐ²Ð°, ÐœÐ“Ð˜ÐœÐž Ð¿Ñ€."]
[Date "2018.11.19"]
[Round "3.16"]
[White "Ïðîáèí "]
[Black "Ñàóðè "]
[Result "1/2-1/2"]
[WhiteElo "1596"]
[BlackElo "1442"]
[PlyCount "36"]
[EventDate "2018.11.18"]

1. e4 e5 2. Nf3 Nc6 3. d4 exd4 4. Bc4 d6 5. Nxd4 Ne5 6. Be2 Nf6 7. Nc3 Be7 8.
O-O Bd7 9. Be3 Qc8 10. f3 h5 11. Qd2 Nc6 12. Nxc6 Bxc6 13. Nd5 Nxd5 14. exd5
Bd7 15. a4 O-O 16. f4 c6 17. Bf3 c5 18. Qe2 Bf5 {çàïèñü íå ÿñíà} 1/2-1/2

[Event "Ïåðâåíñòâî Ìîñêâû"]
[Site "ÐœÐ¾Ñ�ÐºÐ²Ð°, ÐœÐ“Ð˜ÐœÐž Ð¿Ñ€."]
[Date "2018.11.19"]
[Round "3.17"]
[White "Àêîïÿí "]
[Black "Ãîëèöûí "]
[Result "1-0"]
[WhiteElo "1524"]
[BlackElo "1283"]
[PlyCount "149"]
[EventDate "2018.11.18"]

1. e4 e6 2. d4 d5 3. e5 c5 4. c3 Nc6 5. Nf3 Qb6 6. Bd3 Bd7 7. Bc2 cxd4 8. cxd4
Bb4+ 9. Nc3 Nge7 10. O-O O-O 11. Be3 Ng6 12. Na4 Qc7 13. a3 Be7 14. Nc3 a6 15.
Rc1 Rfc8 16. Bd3 b5 17. b4 Qb7 18. Qd2 Be8 19. Rc2 Nb8 20. Rfc1 Nd7 21. Bg5 Nb6
22. h4 Bxg5 23. Qxg5 h6 24. Qg4 Nc4 25. Bxg6 fxg6 26. Nb1 Qf7 27. Nbd2 Qf5 28.
Qxf5 gxf5 29. Kf1 Rc7 30. Nb3 Bg6 31. Nc5 Kf7 32. Rc3 f4 33. Ke1 Bh7 34. Nd2 g5
35. hxg5 hxg5 36. Nf3 Rg8 37. Nd2 Rc6 38. g3 Bf5 39. Nb7 Rb6 40. Nd6+ Nxd6 41.
Rc7+ Kg6 42. exd6 Rxd6 43. Nf3 Rg7 44. g4 Be4 45. Ne5+ Kf6 46. Rxg7 Kxg7 47. f3
Bh7 48. Rc7+ Kg8 49. Nf7 Rb6 50. Nxg5 Bg6 51. Re7 Rc6 52. Rxe6 Rc1+ 53. Kf2
Rc2+ 54. Re2 Rc3 55. Ne6 Rxa3 56. Nxf4 Bf7 57. Re3 Ra2+ 58. Re2 Ra3 59. Rb2 Rc3
60. Ke2 Kg7 61. Nd3 Rc4 62. Ke3 Rc3 63. f4 Kf6 64. Ra2 Rc6 65. Nc5 Be6 66. g5+
Kf5 67. Rxa6 Rxa6 68. Nxa6 Bd7 69. Nc7 Bc6 70. Kf3 Kg6 71. Kg4 Bd7+ 72. f5+
Bxf5+ 73. Kf4 Bd3 74. Nxd5 Bc4 75. Nf6 1-0

[Event "Ïåðâåíñòâî Ìîñêâû"]
[Site "ÐœÐ¾Ñ�ÐºÐ²Ð°, ÐœÐ“Ð˜ÐœÐž Ð¿Ñ€."]
[Date "2018.11.19"]
[Round "3.18"]
[White "Àøèðèí "]
[Black "Çàêèðîâ "]
[Result "0-1"]
[WhiteElo "1567"]
[BlackElo "1747"]
[PlyCount "66"]
[EventDate "2018.11.18"]

1. d4 d5 2. Bf4 Nf6 3. e3 Bf5 4. c4 e6 5. Qb3 b6 6. Nc3 Bd6 7. Bxd6 Qxd6 8. Nb5
Qd7 9. Nf3 Nc6 10. Rc1 Na5 11. Qa4 c6 12. Nc3 dxc4 13. Bxc4 Nxc4 14. Qxc4 Qb7
15. b4 O-O 16. O-O Rfd8 17. Ne5 Rac8 18. f3 Nd5 19. Nd1 f6 20. Nxc6 Nxb4 21.
Nxd8 Rxc4 22. Rxc4 Qd7 23. Rxb4 Qxd8 24. Nb2 Qd6 25. Ra4 b5 26. Rxa7 Qb4 27.
Rc1 h5 28. g4 hxg4 29. Rcc7 Qe1+ 30. Kg2 gxf3+ 31. Kxf3 Qf1+ 32. Kg3 Qg1+ 33.
Kf3 Bg4+ 0-1

[Event "Ïåðâåíñòâî Ìîñêâû"]
[Site "ÐœÐ¾Ñ�ÐºÐ²Ð°, ÐœÐ“Ð˜ÐœÐž Ð¿Ñ€."]
[Date "2018.11.19"]
[Round "3.19"]
[White "Èâàí-×åðíåö "]
[Black "Ìåòåëêèí "]
[Result "0-1"]
[WhiteElo "1670"]
[BlackElo "1436"]
[PlyCount "70"]
[EventDate "2018.11.18"]

1. Nf3 Nf6 2. g3 g6 3. Bg2 Bg7 4. O-O O-O 5. c4 c5 6. Nc3 Nc6 7. d3 a6 8. Rb1
Rb8 9. Bf4 d6 10. a4 e5 11. Bd2 h6 12. Ne1 Be6 13. e4 Nd4 14. Nc2 Qd7 15. Ne3
b5 16. axb5 axb5 17. Ncd5 bxc4 18. dxc4 Nxd5 19. Nxd5 Rb3 20. Bc3 Rfb8 21. Re1
Bg4 22. Qd3 f5 23. Ra1 f4 24. f3 Bh3 25. g4 Bxg2 26. Kxg2 h5 27. h3 Qd8 28. Qf1
Nc2 29. Ra6 Nxe1+ 30. Qxe1 Bf6 31. Qa1 Bh4 32. Ra7 hxg4 33. hxg4 R3b7 34. Ra6
Bg3 35. Qh1 Rxb2+ 0-1

[Event "Ïåðâåíñòâî Ìîñêâû"]
[Site "ÐœÐ¾Ñ�ÐºÐ²Ð°, ÐœÐ“Ð˜ÐœÐž Ð¿Ñ€."]
[Date "2018.11.20"]
[Round "4.1"]
[White "Perov, German"]
[Black "Zhukov, Anton"]
[Result "1/2-1/2"]
[WhiteElo "2187"]
[BlackElo "2151"]
[PlyCount "80"]
[EventDate "2018.11.18"]

1. e4 e5 2. Nc3 Nf6 3. Nf3 Nc6 4. d4 exd4 5. Nxd4 Bb4 6. Nxc6 bxc6 7. Bd3 d5 8.
exd5 O-O 9. O-O cxd5 10. Bg5 c6 11. Qf3 Bd6 12. Rfe1 Rb8 13. Rad1 h6 14. Bxf6
Qxf6 15. Qxf6 gxf6 16. Ne2 Bd7 17. Ng3 Rfe8 18. Nh5 Rxe1+ 19. Rxe1 Be5 20. b3
Be6 21. Re3 Kh8 22. h3 c5 23. Rf3 c4 24. Bf1 d4 25. bxc4 Rb1 26. Rb3 Rc1 27.
Rb4 Rxc2 28. f4 Bd6 29. c5 Rxc5 30. Rxd4 Be7 31. Ng3 f5 32. a4 a5 33. Kh2 Kh7
34. Bb5 Kg6 35. Ne2 Rd5 36. Rxd5 Bxd5 37. Nd4 Bc5 38. Nc6 Bxc6 39. Bxc6 Bb4 40.
Bb5 Bd6 1/2-1/2

[Event "Ïåðâåíñòâî Ìîñêâû"]
[Site "ÐœÐ¾Ñ�ÐºÐ²Ð°, ÐœÐ“Ð˜ÐœÐž Ð¿Ñ€."]
[Date "2018.11.20"]
[Round "4.2"]
[White "Kretov, Leonid"]
[Black "Makarian, Rudik"]
[Result "0-1"]
[WhiteElo "2152"]
[BlackElo "2354"]
[PlyCount "88"]
[EventDate "2018.11.18"]

1. d4 d5 2. Nf3 Nf6 3. Bf4 c5 4. c3 Nc6 5. e3 Qb6 6. Qb3 c4 7. Qc2 Bf5 8. Qc1
Nh5 9. Bg5 h6 10. Bh4 g5 11. Bg3 Bg7 12. Nbd2 Nxg3 13. hxg3 O-O 14. e4 dxe4 15.
Nxc4 Qc7 16. Nfd2 Bg6 17. Be2 Rad8 18. Ne3 e5 19. d5 Ne7 20. Bc4 Nf5 21. Nxf5
Bxf5 22. O-O Kh8 23. Bb3 Bg6 24. Re1 f5 25. g4 fxg4 26. Nxe4 Rf4 27. Ng3 Rdf8
28. Re2 Bd3 29. Rd2 e4 30. Qe1 Qc5 31. Qe3 Qxe3 32. fxe3 R4f7 33. Bc2 Be5 34.
Ne2 Rf2 35. Re1 Bxc2 36. Rxc2 h5 37. Nd4 Rxc2 38. Nxc2 h4 39. Na3 Bg3 40. Rd1
Bf2+ 41. Kf1 Bxe3+ 42. Ke2 Bc5 43. d6 Rf2+ 44. Ke1 Rxg2 0-1

[Event "Ïåðâåíñòâî Ìîñêâû"]
[Site "ÐœÐ¾Ñ�ÐºÐ²Ð°, ÐœÐ“Ð˜ÐœÐž Ð¿Ñ€."]
[Date "2018.11.20"]
[Round "4.3"]
[White "Sekoyan, Vachagan"]
[Black "Pak, Nikita"]
[Result "1-0"]
[WhiteElo "1817"]
[BlackElo "1916"]
[PlyCount "81"]
[EventDate "2018.11.18"]

1. e4 c5 2. Nf3 Nc6 3. d3 d6 4. g3 e6 5. Bg2 Nf6 6. O-O Be7 7. Nbd2 Qc7 8. Re1
d5 9. exd5 Nxd5 10. c4 Nf6 11. d4 cxd4 12. Nb3 O-O 13. Bf4 Qb6 14. Nfxd4 Bb4
15. Nxc6 bxc6 16. Rf1 Ba6 17. Qc2 Be7 18. Be3 Qb4 19. Rac1 Rfd8 20. a3 Qa4 21.
Nd4 Qxc2 22. Rxc2 Bb7 23. Nxc6 Bxc6 24. Bxc6 Rac8 25. Bf3 Rd3 26. Rd1 Rb3 27.
c5 g5 28. c6 g4 29. Be2 Nd5 30. Rxd5 exd5 31. Bxg4 Rc7 32. Bf4 Bd8 33. Re2 Rxc6
34. Re8+ Kg7 35. Rxd8 Rd3 36. Rd7 Kg6 37. Be2 Rb3 38. Rxd5 Rxb2 39. Bh5+ Kf6
40. Be5+ Ke6 41. Bxf7+ 1-0